Biological problems arising from the control of pests and diseases (Record no. 20248)

MARC details
000 -LEADER
fixed length control field 00350nam a2200121Ia 4500
082 ## - DEWEY DECIMAL CLASSIFICATION NUMBER
Classification number 632.9
Item number WOO
100 ## - MAIN ENTRY--AUTHOR NAME
Personal name WOOD, P K S
245 #0 - TITLE STATEMENT
Title Biological problems arising from the control of pests and diseases
260 ## - PUBLICATION, DISTRIBUTION, ETC. (IMPRINT)
Place of publication London
Name of publisher Institute of Biology
Year of publication 1960
650 ## - SUBJECT ADDED ENTRY--TOPICAL TERM
Topical Term Crop pest control
942 ## - ADDED ENTRY ELEMENTS (KOHA)
Koha item type Books
Holdings
Withdrawn status Lost status Damaged status Not for loan Home library Current library Date acquired Full call number Accession Number Koha item type
        RRII Library RRII Library 16/12/2021 632.9 WOO 00977 Books